All Amsterdam Subway Stations Quiz - Statistics

General Stats
  • This quiz has been taken 6 times
  • The average score is 45 of 75
Answer Stats
Answer % Correct
Centraal Station
80%
Centraal Station
80%
Centraal Station
80%
Centraal Station
80%
De Pijp
80%
Europaplein
80%
Gein
80%
Gein
80%
Lelylaan
80%
Lelylaan
80%
Noord
80%
Noorderpark
80%
Rokin
80%
Vijzelgracht
80%
Waterlooplein
80%
Waterlooplein
80%
Waterlooplein
80%
Zuid
80%
Zuid
80%
Zuid
80%
Amstel
60%
Amstel
60%
Amstel
60%
Bijlmer ArenA
60%
Bijlmer ArenA
60%
Bullewijk
60%
Bullewijk
60%
Diemen Zuid
60%
Duivendrecht
60%
Duivendrecht
60%
Gaasperplas
60%
Holendrecht
60%
Holendrecht
60%
Isolatorweg
60%
Isolatorweg
60%
Nieuwmarkt
60%
Nieuwmarkt
60%
Nieuwmarkt
60%
Overamstel
60%
Overamstel
60%
Reigersbos
60%
Reigersbos
60%
Sloterdijk
60%
Sloterdijk
60%
Spaklerweg
60%
Spaklerweg
60%
Spaklerweg
60%
Strandvliet
60%
Strandvliet
60%
Van der Madeweg
60%
Van Der Madeweg
60%
Venserpolder
60%
Weesperplein
60%
Weesperplein
60%
Weesperplein
60%
Wibautstraat
60%
Wibautstraat
60%
Wibautstraat
60%
Amstelveenseweg
40%
Amstelveenseweg
40%
De Vlugtlaan
40%
De Vlugtlaan
40%
Henk Sneevlietweg
40%
Henk Sneevlietweg
40%
Jan van Galenstraat
40%
Jan van Galenstraat
40%
Kraaiennest
40%
Postjesweg
40%
Postjesweg
40%
RAI
40%
RAI
40%
Ganzenhoef
20%
Heemstedestraat
20%
Heemstedestraat
20%
Verrijn Stuartweg
20%
No matching quizzes found
Score Distribution
Percent of People with Each Score
Percentile by Number Answered
Your Score History
You have not taken this quiz